000 01259cam a2200337 a 4500
005 20260322212004.0
008 data
010 _a 2007011145
020 _a9781565795860
020 _a1565795865
040 _aDLC
_cDLC
_dDLC
043 _an-us-fl
050 0 0 _aF311
_b.H86 2007
082 0 0 _a975.9/0640222
_222
092 _a975.9 H86 2007
100 1 _aHunt, Bruce,
_d1957-
245 1 0 _aFlorida :
_bThen and Now /
_cBruce Hunt.
246 3 _aFlorida then and now
260 _aEnglewood, CO :
_bWestcliffe Publishers,
_c2007.
300 _a156 p. :
_bill. (some col.) ;
_c27 x 36 cm.
504 _aIncludes bibliographical references (p. 156) and index.
650 0 _aRepeat photography
_zFlorida.
650 0 _aPhotography
_zFlorida
_xHistory.
651 0 _aFlorida
_vPictorial works.
651 0 _aFlorida
_xHistory.
856 4 1 _3Table of contents only
_uhttp://www.loc.gov/catdir/toc/ecip0713/2007011145.html
906 _a7
_bcbc
_corignew
_d1
_eecip
_f20
_gy-gencatlg
925 0 _aacquire
_b2 shelf copies
_xpolicy default
955 _djg12 2007-03-20
_ejg12 2007-03-20
_flk13 2008-04-21
_glk13 2008-04-21 to BCCD
001 data
999 _c62
_d62